Les villes françaises se terminant par "es" - Statistiques

Statistiques générales
  • Ce quiz a été pris 184 fois
  • Le résultat moyen est 21 sur 58
Statistiques - réponses
Indice Ville % Correct
78 ... la Jolie Mantes
87%
35 Rennes
79%
44 Nantes
78%
06 Cannes
73%
30 Nîmes
71%
13 Arles
67%
78 Versailles
67%
30 Ales
64%
18 Bourges
62%
65 Tarbes
62%
06 ... sur Mer Cagnes
61%
87 Limoges
61%
56 Vannes
59%
06 Antibes
56%
28 Chartres
53%
59 Valenciennes
53%
95 ... les Gonesse Garges
52%
81 Castres
51%
17 Saintes
51%
10 Troyes
50%
83 Hyères
47%
65 Lourdes
44%
13 Martigues
42%
35 Fougères
38%
92 Colombes
36%
92 Asnières
32%
95 ... en Parisis Cormeilles
30%
13 Istres
30%
92 Garches
28%
78 Trappes
28%
59 Armentières
27%
95 Sarcelles
27%
91 ... le Buisson Verrières
27%
13 Vitrolles
25%
33 Bègles
21%
38 Echirolles
21%
91 Yerres
21%
94 Vincennes
20%
83 Brignoles
19%
77 Chelles
19%
91 Etampes
19%
92 Sèvres
19%
92 Suresnes
19%
92 Vanves
18%
94 Fresnes
15%
78 Houilles
15%
74 Cluses
14%
78 Achères
13%
63 Chamalières
13%
74 Sallanches
12%
59 Fourmies
11%
94 ... sur Marne Chennevières
10%
91 Courcouronnes
10%
77 Lognes
10%
84 Sorgues
8%
59 Gravelines
7%
92 Gennevilliers
6%
59 Wattignies
6%
Aucun quiz correspondant
Distribution des résultats
% des personnes avec chaque résultat
Percentile par nombre de réponses
Votre historique - résultats
Vous n’avez pas pris ce quiz